DESIGN BY USE THE EVERYDAY METAMORPHOSIS (Record no. 1161026)

MARC details
000 -LEADER
fixed length control field 00338nam a2200121Ia 4500
008 - FIXED-LENGTH DATA ELEMENTS--GENERAL INFORMATION
fixed length control field 240521s2012 xx 000 0 und d
020 ## - INTERNATIONAL STANDARD BOOK NUMBER
International Standard Book Number 978-81-906625-2-9
041 ## - LANGUAGE CODE
Language code of text/sound track or separate title eng
100 ## - MAIN ENTRY--PERSONAL NAME
Personal name BRANDS U.
245 ## - TITLE STATEMENT
Title DESIGN BY USE THE EVERYDAY METAMORPHOSIS
260 ## - PUBLICATION, DISTRIBUTION, ETC.
Name of publisher, distributor, etc. BOARD OF INTERNATIONAL RESEARCH IN DESIGN BORD
Date of publication, distribution, etc. 2012
300 ## - PHYSICAL DESCRIPTION
Extent 192

No items available.